LEADER 00915nam a2200229 i 4500 001 000000084227 003 CaOOAMICUS 005 20180830145945.0 008 180830s1951 xx u000 u und u 013 $a56467 020 $a88-343- 040 $aSeMil$bita 100 1 $aGemelli, Agostino,$c.$0(OLS)http://semarc/name/2238 245 10$aDisciplina e orientamento professionale degli universitari. 260 $aMilano :$bVita e Pensiero,$c1951. 300 $a32 p. 650 4$aFormazione professionale.$0(OLS)http://semarc/subject/16189 850 $aSeMil 852 $aSeMil$W1$xVenegono$y1$m44 316 7 *$j48584$B48584$CSeMilBibl$Z2$F51826 $81 996 $6020$a88-343-$9(OLS)http://semarc/number/63795 996 $6245$aDisciplina e orientamento professionale degli universitari$9(OLS)http://semarc/title/131017 996 $6260$aMilano :$bVita e Pensiero$9(OLS)http://semarc/publisher/29642 LEADER 01305nam a2200313 i 4500 001 000000120115 003 CaOOAMICUS 005 20031112000000.0 008 031112s1988 it u000 u ita u 013 $a92809 020 $a88-7610-245-0 040 $aSeMil$bita 100 1 $aStaehelin, Balthasar.$0(OLS)http://semarc/name/34786 245 10$aIn ogni uomo Maria :$bguida medico-spirituale del cammino verso Dio /$cBalthasar Staehelin. 260 $aMilano :$bĀncora,$c1988. 300 $a182 p. :$bill. ;$c21 cm. 490 0 $aRiscoprire il centro ;$v3 500 $aFondo Card. C.M. Martini. 650 4$aSpiritualitā.$0(OLS)http://semarc/subject/5428 650 4$aMariologia.$0(OLS)http://semarc/subject/451 650 4$aPsicosomatica - Terapia.$0(OLS)http://semarc/subject/17977 830 0$aRiscoprire il centro ;$v3.$0(OLS)http://semarc/title/11358 850 $aSeMil 852 $aSeMil$W1$xVenegono$y1$m3F I 304$j75321$B75321$CSeMilBibl$Z2$F100785 $81 941 1 $a4 961 $aOmaggio: Martini Card. Carlo Maria 996 $6020$a88-7610-245-0$9(OLS)http://semarc/number/105251 996 $6245$aIn ogni uomo Maria :$bguida medico-spirituale del cammino verso Dio$9(OLS)http://semarc/title/176710 996 $6260$aMilano :$bĀncora$9(OLS)http://semarc/publisher/29763